Tự học Javascript trên mạng

Enregistré dans:
Détails bibliographiques
Auteur principal: Nguyễn, Ngọc Tuấn
Format: Livre
Langue:Undetermined
Publié: Hà Nội Thống kê 2004
Sujets:
Tags: Ajouter un tag
Pas de tags, Soyez le premier à ajouter un tag!
Thư viện lưu trữ: Trung tâm Học liệu Trường Đại học Cần Thơ
LEADER 00549nam a2200181Ia 4500
001 CTU_94574
008 210402s9999 xx 000 0 und d
082 |a 005.133 
082 |b T502 
100 |a Nguyễn, Ngọc Tuấn 
245 0 |a Tự học Javascript trên mạng 
245 0 |c Nguyễn Ngọc Tuấn, Hồng Phúc 
260 |a Hà Nội 
260 |b Thống kê 
260 |c 2004 
650 |a Javascript (Computer program language) 
904 |i Tuyến 
980 |a Trung tâm Học liệu Trường Đại học Cần Thơ